000 00435nam a2200169Ia 4500
001 31689
003 IN-NITTTR
005 20251114233423.0
008 251113s9999||||xx |||||||||||||| ||eng||
040 _beng
040 _cIN-NITTTR
041 _aeng
082 _a621.46 A71A
100 _aMohan, Ned
245 0 _aAdvanced electric drives :
_b analysis, control and modeling using MATLAB/Simulink /
_cMohan, Ned
942 _2ddc
_cBK
999 _c34319
_d34319